[Event "FRA-ch U18"]
[Site "Troyes"]
[Date "2010.04.18"]
[Round "9"]
[White "Nari, Damien"]
[Black "Di Nicolantonio, Lucas"]
[Result "1/2-1/2"]
[WhiteElo "1863"]
[BlackElo "2215"]
[PlyCount "130"]
[EventDate "2010.04.11"]
[EventType "swiss"]
[EventRounds "9"]
[EventCountry "FRA"]
[SourceTitle "EXT 2012"]
[Source "ChessBase"]
[SourceDate "2011.11.24"]
[SourceVersion "1"]
[SourceVersionDate "2011.11.24"]
[SourceQuality "1"]

1. e4 c5 2. Nf3 d6 3. d4 Nf6 4. Nc3 cxd4 5. Nxd4 a6 6. Qf3 e6 7. g4 Nc6 8. Nxc6 bxc6 9. g5 Nd7 10. h4 d5 11. Bh3 Be7 12. 0-0 0-0 13. Qg2 d4 14. Ne2 e5 15. f4 exf4 16. Nxd4 Bc5 17. c3 Ne5 18. Rd1 f3 19. Qg3 f6 20. Bxc8 Qxc8 21. Kh1 Qg4 22. Bf4 Qxg3 23. Bxg3 Rae8 24. Bxe5 fxe5 25. Nf5 Rxf5 26. exf5 e4 27. f6 e3 28. Rf1 e2 29. f7+ Kxf7 30. Rxf3+ Kg6 31. Re1 Kh5 32. Kg2 Kg4 33. Rg3+ Kf4 34. Rh3 Kg4 35. Rg3+ Kf4 36. b4 Bb6 37. Rf3+ Kg4 38. Rg3+ Kf4 39. Rf3+ Kg4 40. c4 Bd4 41. Rg3+ Kf4 42. Rf3+ Kg4 43. a4 Re4 44. b5 axb5 45. axb5 cxb5 46. cxb5 Bb6 47. Ra3 Bc5 48. Ra2 Rb4 49. Raxe2 Rxb5 50. Re4+ Kh5 51. R1e2 Bd6 52. Rd2 Rb4 53. Rxb4 Bxb4 54. Rd4 Bc3 55. Rc4 Bd2 56. Kh3 h6 57. gxh6 Bxh6 58. Rc5+ g5 59. Rb5 Kg6 60. Rb6+ Kh5 61. Rb5 Kg6 62. Kg4 gxh4 63. Rb6+ Kg7 64. Kf5 Be3 65. Rb7+ Kh6 1/2-1/2

[Event "FRA-ch U18"]
[Site "Troyes"]
[Date "2010.04.17"]
[Round "8"]
[White "Villegas, Pierre"]
[Black "Nari, Damien"]
[Result "1/2-1/2"]
[WhiteElo "2257"]
[BlackElo "1863"]
[PlyCount "132"]
[EventDate "2010.04.11"]
[EventType "swiss"]
[EventRounds "9"]
[EventCountry "FRA"]
[SourceTitle "EXT 2012"]
[Source "ChessBase"]
[SourceDate "2011.11.24"]
[SourceVersion "1"]
[SourceVersionDate "2011.11.24"]
[SourceQuality "1"]

1. d4 d5 2. c4 c6 3. Nc3 e5 4. dxe5 d4 5. Ne4 Qa5+ 6. Bd2 Qxe5 7. Ng3 Nf6 8. Nf3 Qd6 9. Qc2 Be7 10. e3 dxe3 11. Bxe3 0-0 12. Be2 Qc7 13. 0-0 Na6 14. a3 Nc5 15. b4 Ne6 16. Nf5 Bd8 17. Rad1 g6 18. Nd6 Be7 19. c5 Nd5 20. Bh6 Rd8 21. Ne4 Nf6 22. Rxd8+ Bxd8 23. Rd1 Nxe4 24. Qxe4 Bf6 25. h4 Bd7 26. h5 Re8 27. hxg6 hxg6 28. Bc4 Kh7 29. Qd3 Bc8 30. Qe3 Re7 31. Qc1 Rd7 32. Re1 Rd8 33. Bxe6 Bxe6 34. Bg5 Qe7 35. Qf4 Kg7 36. Re3 Rd1+ 37. Kh2 Rd5 38. Bxf6+ Qxf6 39. Qxf6+ Kxf6 40. Kg3 b6 41. cxb6 axb6 42. Rc3 c5 43. bxc5 Rxc5 44. Rxc5 bxc5 45. Kf4 Bd5 46. Nd2 Bxg2 47. f3 Bh3 48. Ne4+ Ke7 49. Nxc5 f6 50. a4 Bc8 51. a5 Kd6 52. Ne4+ Ke6 53. a6 g5+ 54. Kg3 Kd5 55. a7 Bb7 56. Kg4 Kc6 57. Nxf6 Kb6 58. Ne4 Kxa7 59. Kxg5 Kb6 60. Kf6 Kc7 61. Ke5 Kd8 62. f4 Bxe4 63. Kxe4 Ke8 64. Ke5 Ke7 65. f5 Kf7 66. f6 Kf8 1/2-1/2

[Event "Saint Affrique op 15th"]
[Site "Saint Affrique"]
[Date "2007.??.??"]
[Round "6"]
[White "Nari, Damien"]
[Black "Fruteau, Sabine"]
[Result "0-1"]
[WhiteElo "1784"]
[BlackElo "2170"]
[PlyCount "106"]
[EventDate "2007.07.21"]
[EventType "swiss"]
[EventRounds "9"]
[EventCountry "FRA"]
[SourceTitle "CBM 119 Extra"]
[Source "ChessBase"]
[SourceDate "2007.09.04"]
[SourceVersion "1"]
[SourceVersionDate "2007.09.04"]
[SourceQuality "1"]

1. e4 d5 2. exd5 Qxd5 3. Nc3 Qa5 4. d4 Nf6 5. Bd2 c6 6. Bd3 Qb6 7. Nge2 Bg4 8. f3 Bh5 9. 0-0 e6 10. b3 Bd6 11. Kh1 Nbd7 12. Be3 Qc7 13. Bg1 0-0-0 14. Ne4 Nxe4 15. fxe4 e5 16. d5 Bc5 17. Bxc5 Nxc5 18. c4 f5 19. Qc2 cxd5 20. cxd5 fxe4 21. Bxe4 Nxe4 22. Qxe4 Bg6 23. Qa4 Kb8 24. Rac1 Qd7 25. Qxd7 Rxd7 26. Nc3 Re8 27. Rfe1 a6 28. Re3 b5 29. b4 Rc7 30. Rce1 Rc4 31. a3 Kc7 32. Kg1 Kd6 33. Kf2 Rf8+ 34. Ke2 Bh5+ 35. Kd3 Rd4+ 36. Kc2 Bg6+ 37. Kb3 Rf2 38. R1e2 Rxe2 39. Rxe2 Bd3 40. Re3 Bc4+ 41. Kc2 Bxd5 42. Nxd5 Kxd5 43. Rg3 g6 44. Rh3 h5 45. Rg3 Rg4 46. Rd3+ Ke6 47. g3 h4 48. Kb3 hxg3 49. hxg3 Rd4 50. Re3 e4 51. a4 Kd5 52. axb5 axb5 53. Kc3 Rc4+ 0-1

[Event "Saint Affrique op 15th"]
[Site "Saint Affrique"]
[Date "2007.??.??"]
[Round "5"]
[White "Ribeiro, Romain"]
[Black "Nari, Damien"]
[Result "1/2-1/2"]
[WhiteElo "2127"]
[BlackElo "1784"]
[PlyCount "68"]
[EventDate "2007.07.21"]
[EventType "swiss"]
[EventRounds "9"]
[EventCountry "FRA"]
[SourceTitle "CBM 119 Extra"]
[Source "ChessBase"]
[SourceDate "2007.09.04"]
[SourceVersion "1"]
[SourceVersionDate "2007.09.04"]
[SourceQuality "1"]

1. e4 c6 2. d4 d5 3. Nc3 dxe4 4. Nxe4 Nd7 5. Nf3 Ngf6 6. Nxf6+ Nxf6 7. Bd3 Bg4 8. c3 Qc7 9. h3 Bh5 10. g4 Bg6 11. Ne5 e6 12. 0-0 Bd6 13. f4 Bxd3 14. Qxd3 0-0-0 15. Qe2 Qe7 16. b4 Nd5 17. Bd2 f6 18. Nd3 g5 19. fxg5 fxg5 20. Rae1 Nc7 21. Ne5 Rhf8 22. Rxf8 Rxf8 23. Rf1 h6 24. Be1 Rxf1+ 25. Kxf1 Qf6+ 26. Kg1 Bxe5 27. Qxe5 Qxe5 28. dxe5 Nd5 29. Bd2 Ne7 30. h4 Ng6 31. hxg5 hxg5 32. Bxg5 Nxe5 33. Be3 Nxg4 34. Bxa7 b5 1/2-1/2

[Event "Marseille Hiver op"]
[Site "Marseille"]
[Date "2005.12.27"]
[Round "2"]
[White "Habbouche, Julien"]
[Black "Nari, Damien"]
[Result "1-0"]
[WhiteElo "1966"]
[BlackElo "1642"]
[PlyCount "115"]
[EventDate "2005.12.27"]
[EventType "swiss"]
[EventRounds "9"]
[EventCountry "FRA"]
[SourceTitle "CBM 110 Extra"]
[Source "ChessBase"]
[SourceDate "2006.03.10"]
[SourceVersion "2"]
[SourceVersionDate "2006.03.10"]
[SourceQuality "1"]

1. d4 d5 2. e3 Nf6 3. c4 e6 4. Nc3 Be7 5. Nf3 0-0 6. cxd5 exd5 7. h3 Be6 8. Bd3 Nbd7 9. Ng5 h6 10. Nxe6 fxe6 11. Qb3 b6 12. Bb5 c5 13. 0-0 a6 14. Be2 Qc7 15. Bd2 c4 16. Qc2 b5 17. a3 Rfb8 18. e4 a5 19. exd5 exd5 20. Bf3 Qc6 21. Qf5 Nb6 22. Rfe1 Bd6 23. Bxh6 Ra7 24. Bg5 Rf7 25. Bxf6 Rxf6 26. Bxd5+ Nxd5 27. Qxd5+ Qxd5 28. Nxd5 Rf7 29. Re6 Rd7 30. Rae1 Bxa3 31. Nb6 Rxb6 32. Rxb6 Bxb2 33. Rxb5 c3 34. Rxa5 c2 35. Rc5 c1Q 36. Rcxc1 Bxc1 37. Rxc1 Rxd4 38. g4 Kh7 39. Rc5 Kh6 40. Kg2 Kg6 41. Kg3 Rd3+ 42. f3 Ra3 43. h4 Kf6 44. h5 Rb3 45. g5+ Kf7 46. Kg4 Ra3 47. Rc6 Ra5 48. f4 Rb5 49. g6+ Kf8 50. Rc7 Ra5 51. f5 Ra1 52. h6 Rg1+ 53. Kf4 Rf1+ 54. Ke5 Re1+ 55. Kd4 Rd1+ 56. Ke3 Re1+ 57. Kd2 Rf1 58. Rc8+ 1-0

[Event "Marseille op 3rd"]
[Site "Marseille"]
[Date "2004.12.??"]
[Round "1"]
[White "Nari, Damien"]
[Black "Habbouche, Julien"]
[Result "0-1"]
[WhiteElo "1650"]
[BlackElo "2004"]
[PlyCount "42"]
[EventDate "2004.12.27"]
[EventType "swiss"]
[EventRounds "7"]
[EventCountry "FRA"]
[SourceTitle "CBM 104 Extra"]
[Source "ChessBase"]
[SourceDate "2005.03.01"]
[SourceVersion "1"]
[SourceVersionDate "2005.03.01"]
[SourceQuality "1"]

1. e4 e6 2. d4 d5 3. Nc3 Nf6 4. e5 Nfd7 5. f4 c5 6. Be3 cxd4 7. Bxd4 Nc6 8. Bf2 Bb4 9. a3 Ba5 10. Nf3 Bb6 11. Bh4 Ne7 12. Nb5 0-0 13. c4 Be3 14. cxd5 exd5 15. f5 f6 16. e6 Nc5 17. Bd3 Ne4 18. Bxe4 dxe4 19. Qe2 Nxf5 20. Ng1 Nxh4 21. Rd1 Qe7 0-1